000 00498nam a2200205Ia 4500
003 0100
008 130227s9999 xx 000 0 und d
040 _cARRUPELIB
050 _aB105.U5M67 2001
100 _aMoreland, J.P.
245 _aUniversals
260 _aUnited Kingdom
260 _bAcumen Publishing
260 _C2001
300 _aviii
300 _b 184p. :20cm.
650 _bEpidemiology- Popular works
650 _cCommunicable diseases- Popular works
942 _2lcc
_01
999 _c6591
_d6591